=LDR 00000nam 2200000 4500 =001 INLIS000000000002424 =005 20130612090748 =008 ***********************************Ind** =035 ##$$0010-061300000002424 =041 ##$$a Ind =082 ##$$a 616.24 =090 ##$$a 616.24, Rab p =100 ##$$a Rab, Tabrani,H =245 ##$$a Prinsip gawat paru, H.Tabrani Rab =260 ##$$a 1982 $b Jakarta =300 ##$$a 128 hlm, ilus, 28 cm =650 ##$$a Penyakit Paru =850 ##$$a NBPNMAT